000 00504nam a2200181Ia 4500
001 16325
005 20260306170301.0
008 260306t2011||||xx |||||||||||||| ||und||
041 _aESP
082 _a348.24
_bM26
100 _aMasbernat, Patricio (coord.)
_eAUT
245 0 _aRegulaciones del patrimonio empresarial familiar en las MiPyMEs:
_bla experiencia en Iberoamérica
260 _c2011
300 _a481 páginas :
_c24 cm.
650 _aGEN
654 _aCDE
942 _cLIB
_dJUS
_fJUS
_2ddc
_n
999 _c16325
_d16325